Central Library OPAC University of Rajshahi

Science in history / (Record no. 66964)

MARC details
000 -LEADER
fixed length control field 00914nam a2200265 a 4500
001 - CONTROL NUMBER
control field 66964
003 - CONTROL NUMBER IDENTIFIER
rucl marc code BD-RjUL
005 - DATE AND TIME OF LATEST TRANSACTION
control field 20211209081612.0
008 - FIXED-LENGTH DATA ELEMENTS--GENERAL INFORMATION
fixed length control field 170321s1969 enkab 001 0 eng
035 ## - SYSTEM CONTROL NUMBER
System control number (BD-RjUL)67095
040 ## - CATALOGING SOURCE
Original cataloging agency DLC/ICU
Transcribing agency ICU
Modifying agency DLC
-- BD-RjUL
Language of cataloging eng
041 ## - LANGUAGE CODE
Language code of text/sound track or separate title eng
082 00 - DEWEY DECIMAL CLASSIFICATION NUMBER
Edition number 23
Classification number 509
Author mark and year BES 1969
100 1# - MAIN ENTRY--PERSONAL NAME
Personal name Bernal, J. D.
Fuller form of name (John Desmond),
Dates associated with a name 1901-
9 (RLIN) 42007
245 10 - TITLE STATEMENT
Title Science in history /
Statement of responsibility, etc. J.D. Bernal.
250 ## - EDITION STATEMENT
Edition statement 3rd ed.
260 ## - PUBLICATION, DISTRIBUTION, ETC. (IMPRINT)
Place of publication, distribution, etc. England :
Name of publisher, distributor, etc. Penguin Books,
Date of publication, distribution, etc. c1969.
300 ## - PHYSICAL DESCRIPTION
Pagination v. :
Illustrations ill. ;
Size 23 cm.
500 ## - GENERAL NOTE
General note Includes index.
505 ## - FORMATTED CONTENTS NOTE
Formatted contents note Vol.1-- The emergence of science--- Vol. 2 The scientific and industrial revolutions -- Vol. 3 The natural science in our time Vol. 4 The social sciences : Conclusion --
650 #0 - SUBJECT ADDED ENTRY--TOPICAL TERM
Topical term or geographic name as entry element Science and civilization.
9 (RLIN) 198301
Topical term or geographic name as entry element Civilization
General subdivision History.
9 (RLIN) 198302
Topical term or geographic name as entry element Science
General subdivision history.
9 (RLIN) 198303
942 ## - ADDED ENTRY ELEMENTS (KOHA)
Source of classification or shelving scheme Dewey Decimal Classification
Koha item type Books
Holdings
Lost status Source of classification or shelving scheme Damaged status Not for loan Collection code Permanent Location Current Location Shelving location Date acquired Source of acquisition Total Checkouts Full call number Date last seen Copy number Koha item type Cost, normal purchase price
  Dewey Decimal Classification   Not For Loan Non-fiction Central Library, University of Rajshahi Central Library, University of Rajshahi Reading Room 10/12/1970 Jonathan Wear & co., London   509 BES V-1 1969 21/03/2017 C-1 Books  
  Dewey Decimal Classification   Not For Loan Non-fiction Central Library, University of Rajshahi Central Library, University of Rajshahi Reading Room 10/12/1974 Jonathan Wear & co., London   509 BES V-4 1969 29/03/2017 C-1 Books 100.00
  Dewey Decimal Classification   Not For Loan Non-fiction Central Library, University of Rajshahi Central Library, University of Rajshahi Reading Room 10/12/1974 Jonathan Wear & co., London   509 BES V-3 1969 29/03/2017 C-1 Books 100.00
  Dewey Decimal Classification   Not For Loan Non-fiction Central Library, University of Rajshahi Central Library, University of Rajshahi Reading Room 10/12/1974 Jonathan Wear & co., London   509 BES V-2 1969 29/03/2017 C-1 Books 100.00